| 000 | 00439nam a2200181Ia 4500 | ||
|---|---|---|---|
| 008 | 170918s9999 xx 000 0 und d | ||
| 020 | _a9780446575904 | ||
| 050 | _bH161ev 2011 | ||
| 100 | _aHale, Benjamin | ||
| 245 | 4 | _aThe evolution of Bruno Littlemore / | |
| 245 | _cby Benjamin Hale. | ||
| 260 | _aNew York : | ||
| 260 | _bTwelve, | ||
| 260 | _c2011 | ||
| 300 | _a578 pages : | ||
| 300 | _billustrations ; | ||
| 300 | _c22cm. | ||
| 999 |
_c343612 _d343612 |
||